000 00807nam a2200265 a 4500
001 10045
003 CO-ViMGA
008 141112s2004 ck r 000 u spa d
020 _a9589037690
040 _aCO-ViMGA
_bspa
_cCO-ViMGA
082 0 4 _a925 E77
100 1 _aEspaña, Gonzalo
_912591
110 _aCOLCIENCIAS
_912592
245 1 0 _aPierre Bouguer :
_bEl maestro del Sabio
260 _aSantafé de Bogotá :
_bTres Culturas editores Ltda,
_c1998
300 _a76p. : il. color
650 1 4 _aEL AÑO URANO
_912593
650 1 4 _aEL TESORO DEL RIO PIQUE
_912594
650 1 4 _aLA DANZA DE LAS ESTRELLAS
_912595
650 1 4 _aLA PARTIDA
_912596
650 1 4 _aLAS MORCILALS DE GERTRUDIS
_912597
650 1 4 _aLOS PAPELES DEL FRANCES
_912598
650 1 4 _aUN CREDO AL REVES
_912599
942 _2ddc
_cBK
999 _c21421
_d21421